[Event "Novomoskovsk"]
[Site "Novomoskovsk"]
[Date "2010.08.21"]
[Round "5"]
[White "Katkov, Sergey1111"]
[Black "Trubizin, Alexander"]
[Result "1/2-1/2"]
[WhiteElo "2057"]
[BlackElo "2083"]
[PlyCount "93"]
[EventDate "2010.08.21"]
[EventType "tourn"]
[EventRounds "13"]
[EventCountry "RUS"]
[SourceTitle "EXT 2022"]
[Source "ChessBase"]
[SourceDate "2021.10.06"]
[SourceVersion "1"]
[SourceVersionDate "2021.10.06"]
[SourceQuality "1"]

1. e4 c6 2. d4 d5 3. Nc3 dxe4 4. Nxe4 Nf6 5. Nxf6+ exf6 6. c3 Bd6 7. Bd3 0-0 8. Qc2 g6 9. Ne2 Nd7 10. 0-0 f5 11. Bf4 Nf6 12. Rae1 Re8 13. Qc1 Qc7 14. Bxd6 Qxd6 15. Qf4 Qxf4 16. Nxf4 Bd7 17. f3 Kf8 18. Kf2 g5 19. Nh3 h6 20. Rxe8+ Rxe8 21. Re1 f4 22. Ng1 Nd5 23. Ne2 Ne3 24. Nc1 Be6 25. g3 Nd5 26. Nb3 fxg3+ 27. hxg3 Bc8 28. Rh1 Kg7 29. Nd2 Re7 30. Nc4 Be6 31. Nd6 Nf6 32. Re1 Kf8 33. a4 Ne8 34. Nxe8 Rxe8 35. b4 a6 36. c4 Bd7 37. Rxe8+ Kxe8 38. g4 b6 39. a5 b5 40. cxb5 cxb5 41. Be4 Bc8 42. Ke3 Ke7 43. Ba8 Ke6 44. Ke4 f5+ 45. Ke3 fxg4 46. fxg4 Kd6 47. Bf3 1/2-1/2

[Event "Novomoskovsk"]
[Site "Novomoskovsk"]
[Date "2010.08.21"]
[Round "2"]
[White "Trubizin, Alexander"]
[Black "Biriukov, Ilja"]
[Result "0-1"]
[WhiteElo "2233"]
[BlackElo "2087"]
[PlyCount "28"]
[EventDate "2010.08.21"]
[EventType "tourn"]
[EventRounds "13"]
[EventCountry "RUS"]
[SourceTitle "EXT 2022"]
[Source "ChessBase"]
[SourceDate "2021.10.06"]
[SourceVersion "1"]
[SourceVersionDate "2021.10.06"]
[SourceQuality "1"]

1. d4 d5 2. Nf3 Bf5 3. e3 e6 4. c4 c6 5. Nc3 Nf6 6. Bd3 Bxd3 7. Qxd3 Nbd7 8. c5 Qc7 9. b4 e5 10. e4 exd4 11. Qxd4 dxe4 12. Nxe4 0-0-0 13. 0-0 Nxc5 14. Qc4 Ncxe4 0-1

[Event "RUS Central Region-ch"]
[Site "Tula "]
[Date "2007.03.17"]
[Round "1"]
[White "Domogaev, Sergey"]
[Black "Trubizin, Alexander"]
[Result "1-0"]
[WhiteElo "2383"]
[BlackElo "2099"]
[PlyCount "81"]
[EventDate "2007.03.17"]
[EventType "swiss"]
[EventRounds "9"]
[EventCountry "RUS"]
[SourceTitle "EXT 2008"]
[Source "ChessBase"]
[SourceDate "2007.11.25"]
[SourceVersion "1"]
[SourceVersionDate "2007.11.25"]
[SourceQuality "1"]

1. d4 Nf6 2. c4 d6 3. Nc3 g6 4. e4 Bg7 5. Be2 0-0 6. Nf3 e5 7. 0-0 Nc6 8. d5 Ne7 9. b4 Nd7 10. c5 f5 11. Ng5 Nf6 12. f3 h6 13. Nh3 fxe4 14. fxe4 Bxh3 15. gxh3 g5 16. Be3 Ng6 17. Rc1 Nf4 18. Bg4 Nxg4 19. hxg4 Rf7 20. Ne2 Nxe2+ 21. Qxe2 Rxf1+ 22. Kxf1 a6 23. Kg2 Qd7 24. c6 Qc8 25. cxb7 Qxb7 26. a3 Qb5 27. Qc4 Bf6 28. Kf3 Rf8 29. Qxb5 axb5 30. Rc6 Bg7+ 31. Ke2 Ra8 32. Rxc7 Rxa3 33. Rb7 Ra2+ 34. Bd2 Ra3 35. Rxb5 Rh3 36. Rb8+ Bf8 37. b5 Rxh2+ 38. Kd3 Rh1 39. b6 Rh3+ 40. Kc2 Rf3 41. Rc8 1-0

[Event "Tula Suetin Memorial op"]
[Site "Tula"]
[Date "2006.11.29"]
[Round "9"]
[White "Trubizin, Alexander"]
[Black "Shensnovich, Vladimir"]
[Result "0-1"]
[WhiteElo "2105"]
[BlackElo "2134"]
[PlyCount "58"]
[EventDate "2006.11.21"]
[EventType "swiss"]
[EventRounds "9"]
[EventCountry "RUS"]
[SourceTitle "EXT 2010"]
[Source "ChessBase"]
[SourceDate "2010.11.25"]
[SourceVersion "1"]
[SourceVersionDate "2010.11.25"]
[SourceQuality "1"]

1. d4 Nf6 2. c4 e6 3. Nf3 Bb4+ 4. Bd2 Be7 5. g3 d5 6. Bg2 0-0 7. cxd5 exd5 8. Nc3 c6 9. 0-0 Nbd7 10. Qc2 Bd6 11. Rab1 Re8 12. b4 Nb6 13. Bg5 h6 14. Bxf6 Qxf6 15. Qb3 Bf5 16. Rbc1 Bg4 17. Rfd1 Nc4 18. h3 Bh5 19. Kf1 g5 20. g4 Bg6 21. e3 a6 22. Kg1 h5 23. Nd2 b5 24. Nxc4 bxc4 25. Qa4 Kg7 26. Nxd5 cxd5 27. Bxd5 Rad8 28. Bxc4 hxg4 29. hxg4 Qf3 0-1

[Event "RUS Central Region-ch U18"]
[Site "Tula"]
[Date "2004.11.10"]
[Round "9"]
[White "Nikonov, Nikolaj"]
[Black "Trubizin, Alexander"]
[Result "1-0"]
[WhiteElo "2210"]
[BlackElo "2117"]
[PlyCount "37"]
[EventDate "2004.11.02"]
[EventType "swiss"]
[EventRounds "9"]
[EventCountry "RUS"]
[SourceTitle "EXT 2006"]
[Source "ChessBase"]
[SourceDate "2005.11.24"]
[SourceVersion "1"]
[SourceVersionDate "2005.11.24"]
[SourceQuality "1"]

1. e4 e5 2. Nf3 Nf6 3. Nxe5 d6 4. Nc4 Nxe4 5. d4 d5 6. Ne3 Qf6 7. Bb5+ c6 8. 0-0 cxb5 9. Nxd5 Qd6 10. Re1 Qxd5 11. Nc3 Qd8 12. Rxe4+ Be7 13. Qe2 Kf8 14. Nxb5 Bd7 15. Bf4 Bxb5 16. Qxb5 g5 17. Qxb7 Nd7 18. Rae1 gxf4 19. Rxe7 1-0

[Event "RUS Central Region-ch U18"]
[Site "Tula"]
[Date "2004.11.09"]
[Round "8"]
[White "Trubizin, Alexander"]
[Black "Kondaurov, Anton"]
[Result "1/2-1/2"]
[WhiteElo "2117"]
[BlackElo "2086"]
[PlyCount "133"]
[EventDate "2004.11.02"]
[EventType "swiss"]
[EventRounds "9"]
[EventCountry "RUS"]
[SourceTitle "EXT 2006"]
[Source "ChessBase"]
[SourceDate "2005.11.24"]
[SourceVersion "1"]
[SourceVersionDate "2005.11.24"]
[SourceQuality "1"]

1. d4 d5 2. c4 c6 3. Nc3 e6 4. Nf3 f5 5. g3 Nf6 6. Bg2 Bd6 7. 0-0 0-0 8. c5 Bc7 9. b4 Nbd7 10. Bb2 Qe7 11. Qb3 e5 12. dxe5 Nxe5 13. Nxe5 Bxe5 14. Bxd5+ cxd5 15. Nxd5 Qe6 16. Ne7+ Kf7 17. Bxe5 Qxb3 18. axb3 Kxe7 19. Bd6+ Ke8 20. Bxf8 Kxf8 21. Rfd1 Ke7 22. Rd3 Bd7 23. f3 Bb5 24. Rd4 a6 25. e4 fxe4 26. fxe4 Rd8 27. Rxd8 Kxd8 28. Re1 Ke7 29. h3 Ke6 30. e5 Nd7 31. Kf2 Nxe5 32. Ke3 Nd3 33. Rd1 Nxb4 34. Rd8 Nd5+ 35. Kd4 Nf6 36. Rc8 Bc6 37. Rh8 h6 38. Rd8 Kf5 39. Rd6 Bg2 40. Rb6 h5 41. Rb4 g6 42. Kd3 g5 43. Ke2 Ne4 44. g4+ hxg4 45. hxg4+ Kxg4 46. Ke1 Kg3 47. Rxb7 Nxc5 48. Rb6 Bd5 49. b4 Nd3+ 50. Kd2 Bc4 51. Rd6 Kf3 52. Rf6+ Nf4 53. Kc3 Bb5 54. Kd4 Kg4 55. Ke4 Nd3 56. Rf7 Nxb4 57. Rf2 Nd3 58. Rg2+ Kh5 59. Kf5 Bd7+ 60. Kf6 Kh4 61. Rxg5 Bb5 62. Rg8 Nc5 63. Ke5 Nd3+ 64. Kd4 Nf4 65. Kc5 Kh5 66. Kb4 Ng6 67. Rxg6 1/2-1/2

[Event "RUS-ch 1/2 fin"]
[Site "Tula"]
[Date "2002.??.??"]
[Round "3"]
[White "Pechenov, Viacheslav"]
[Black "Trubizin, Alexander"]
[Result "0-1"]
[WhiteElo "2279"]
[BlackElo "2139"]
[PlyCount "34"]
[EventDate "2002.??.??"]
[EventType "swiss"]
[EventRounds "9"]
[EventCountry "RUS"]
[SourceTitle "EXT 2003"]
[Source "ChessBase"]
[SourceDate "2002.11.25"]
[SourceVersion "1"]
[SourceVersionDate "2002.11.25"]
[SourceQuality "1"]

1. e4 e5 2. Bc4 Nf6 3. Qf3 Bc5 4. h3 Nc6 5. c3 0-0 6. b4 Bb6 7. a4 a5 8. b5 Ne7 9. Ba3 Re8 10. d3 d5 11. Bb3 Be6 12. Nd2 Qd7 13. Ne2 dxe4 14. dxe4 Rad8 15. Nc4 Bxc4 16. Bxc4 Qd2+ 17. Kf1 Qd1+ 0-1

[Event "RUS-ch 1/2 fin"]
[Site "Tula"]
[Date "2002.??.??"]
[Round "1"]
[White "Trubizin, Alexander"]
[Black "Frolyanov, Dmitry"]
[Result "0-1"]
[WhiteElo "2139"]
[BlackElo "2295"]
[PlyCount "44"]
[EventDate "2002.??.??"]
[EventType "swiss"]
[EventRounds "9"]
[EventCountry "RUS"]
[SourceTitle "EXT 2003"]
[Source "ChessBase"]
[SourceDate "2002.11.25"]
[SourceVersion "1"]
[SourceVersionDate "2002.11.25"]
[SourceQuality "1"]

1. d4 d5 2. c4 e6 3. Nc3 c6 4. cxd5 exd5 5. Nf3 Bf5 6. Bf4 Bd6 7. Bxd6 Qxd6 8. e3 Nf6 9. Bd3 Bxd3 10. Qxd3 Nbd7 11. 0-0 0-0 12. b4 b5 13. a3 a5 14. Na2 Nb6 15. Ne5 Nc4 16. bxa5 Nxe5 17. dxe5 Qxe5 18. Nb4 c5 19. Nc6 Qd6 20. Qxb5 Rfc8 21. Nb4 cxb4 22. Qxb4 Qc7 0-1

[Event "RUS-ch 1/2 fin"]
[Site "Tula"]
[Date "2002.??.??"]
[Round "4"]
[White "Trubizin, Alexander"]
[Black "Zaitsev, Alexander"]
[Result "0-1"]
[WhiteElo "2139"]
[BlackElo "2315"]
[PlyCount "34"]
[EventDate "2002.??.??"]
[EventType "swiss"]
[EventRounds "9"]
[EventCountry "RUS"]
[SourceTitle "EXT 2003"]
[Source "ChessBase"]
[SourceDate "2002.11.25"]
[SourceVersion "1"]
[SourceVersionDate "2002.11.25"]
[SourceQuality "1"]

1. d4 e6 2. c4 b6 3. Nf3 Bb7 4. g3 f5 5. Bg2 Nf6 6. Nc3 Bb4 7. Bd2 0-0 8. 0-0 a5 9. a3 Be7 10. Qb3 Qc8 11. d5 Na6 12. Ne5 Bd6 13. f4 Re8 14. Nb5 exd5 15. cxd5 Bc5+ 16. Be3 Bxe3+ 17. Qxe3 d6 0-1